Justicia social en el siglo XXI. Reflexiones del Cardenal Renato Martino en Chile.

محفوظ في:
التفاصيل البيبلوغرافية
المؤلف الرئيسي: Martino, Renato Raffaele (autor)
التنسيق: كتاب
اللغة:الإنجليزية
منشور في: Santiago, Chile: Ediciones Universidad Católica Silva Henríquez; Conferencia Episcopal de Chile; Comisión Nacional Justicia y Paz, 2009.
الطبعة:1a. edición.
الموضوعات:
الوسوم: إضافة وسم
لا توجد وسوم, كن أول من يضع وسما على هذه التسجيلة!

MARC

LEADER 00000nam a22000007a 4500
003 CL-VaPUC
005 20250103100419.0
008 220222t2009 ||||| |||| 00| 0 eng d
999 |c 434464  |d 434462 
020 |a 978-956-7947-80-5 
040 |c Pontificia Universidad Católica de Valparaíso 
082 |a 261.8 MAR 2009  |2 22 
100 1 |a Martino, Renato Raffaele  |e autor  |9 866286 
245 |a Justicia social en el siglo XXI.  |b Reflexiones del Cardenal Renato Martino en Chile.  
250 |a 1a. edición.  
260 |a Santiago, Chile:   |b Ediciones Universidad Católica Silva Henríquez;  |b Conferencia Episcopal de Chile;  |b Comisión Nacional Justicia y Paz,   |c 2009. 
300 |a 105 páginas.  
500 |a c.1 Donación Familia Prof. Alejandro Guzmán Brito. 
583 |c 20220222  |k Yessy Stephany Diaz Vidal 
650 0 |a Iglesia Católica  |x problemas sociales   |9 256114 
650 0 |a Iglesia católica  |y Siglo XXI   |9 866287 
650 0 |a Cristianismo  |9 257361  |x Justicia social  
942 |2 ddc  |c BK  |n 0 
952 |0 0  |1 0  |2 ddc  |4 0  |6 261_800000000000000_MAR_2009  |7 1  |8 C_AGB  |9 581343  |a BIBDER  |b BIBDER  |d 2022-02-22  |e Donación   |i 5646898  |o 261.8 MAR 2009  |p 5646898  |r 2023-01-25  |t 1  |w 2022-02-22  |y BK_US  |k AGB